[Event "Mexican op 53rd"]
[Site "Aguascalientes"]
[Date "2007.04.07"]
[Round "7"]
[White "Mitkov, Nikola"]
[Black "Hernandez, Edgardo"]
[Result "1-0"]
[WhiteElo "2551"]
[BlackElo "2350"]
[PlyCount "85"]
[EventDate "2007.04.03"]
[EventType "swiss"]
[EventRounds "9"]
[EventCountry "MEX"]
[SourceTitle "CBM 117 Extra"]
[Source "ChessBase"]
[SourceDate "2007.05.09"]
[SourceVersion "1"]
[SourceVersionDate "2007.05.09"]
[SourceQuality "1"]

1. e4 e5 2. Bc4 Nc6 3. Nc3 Bc5 4. d3 d6 5. Na4 Bb6 6. Nxb6 axb6 7. f4 Nf6 8. Nf3 0-0 9. 0-0 Na5 10. Bd5 c6 11. fxe5 dxe5 12. Bxf7+ Rxf7 13. b4 Bg4 14. bxa5 Rxa5 15. Bd2 Ra8 16. Be3 Qc7 17. Qb1 c5 18. Qb3 Kh8 19. Nxe5 Re7 20. Nxg4 Nxg4 21. Bf4 Qd7 22. Qc3 Qe6 23. h3 Nh6 24. a4 Nf7 25. Rfb1 Qc6 26. a5 b5 27. Be3 Rc8 28. Qb3 Nd6 29. Rf1 Rce8 30. Rf3 h6 31. Raf1 Kh7 32. Qc3 c4 33. Qb4 Re6 34. Bf4 Rg6 35. Rg3 Ree6 36. Rff3 cxd3 37. cxd3 Qc2 38. Kh2 Qc6 39. Rxg6 Rxg6 40. Rg3 Rxg3 41. Bxg3 Nf7 42. Qe7 Ng5 43. Be5 1-0

[Event "MEX-ch op 52nd "]
[Site "Mexico City"]
[Date "2006.04.15"]
[Round "7"]
[White "Dominguez Aguilar, Guillermo"]
[Black "Hernandez, Edgardo"]
[Result "1-0"]
[WhiteElo "2347"]
[BlackElo "2344"]
[PlyCount "106"]
[EventDate "2006.04.11"]
[EventType "swiss"]
[EventRounds "9"]
[EventCountry "MEX"]
[SourceTitle "EXT 2007"]
[Source "ChessBase"]
[SourceDate "2006.11.23"]
[SourceVersion "1"]
[SourceVersionDate "2006.11.23"]
[SourceQuality "1"]

1. e4 e6 2. d4 d5 3. Nc3 dxe4 4. Nxe4 Nd7 5. Nf3 Ngf6 6. Bg5 Be7 7. Bxf6 Nxf6 8. Bd3 0-0 9. Qe2 c5 10. dxc5 Bxc5 11. 0-0-0 Nxe4 12. Bxe4 Qe7 13. Kb1 Bd7 14. Ne5 Be8 15. f4 f6 16. Nd3 Bd6 17. Rhe1 Bf7 18. Qf3 Qc7 19. g4 Rac8 20. Rd2 Qa5 21. Red1 f5 22. Bxb7 fxg4 23. Qxg4 Rb8 24. Be4 Bb4 25. Rg2 Bc3 26. b3 Rb6 27. Nb2 Bf6 28. Qh3 Qh5 29. Qxh5 Bxh5 30. Rd7 Rf7 31. Rgd2 Rb8 32. Rxf7 Bxf7 33. Rd7 e5 34. f5 Rb4 35. c4 a5 36. Kc2 Rb8 37. Nd3 a4 38. Nc5 axb3+ 39. axb3 Rd8 40. Kd3 Rc8 41. b4 g6 42. fxg6 hxg6 43. Bb7 Re8 44. Ne4 Be7 45. b5 Kf8 46. Bd5 Rd8 47. Rxd8+ Bxd8 48. Bxf7 Kxf7 49. c5 Ke6 50. Kc4 g5 51. b6 g4 52. Kb5 Kd5 53. c6 Kxe4 1-0

[Event "MEX-ch op 52nd "]
[Site "Mexico City"]
[Date "2006.04.14"]
[Round "6"]
[White "Hernandez, Edgardo"]
[Black "Carreras Mendiolea, Paulina Adriana"]
[Result "1-0"]
[WhiteElo "2344"]
[BlackElo "1935"]
[PlyCount "61"]
[EventDate "2006.04.11"]
[EventType "swiss"]
[EventRounds "9"]
[EventCountry "MEX"]
[SourceTitle "EXT 2007"]
[Source "ChessBase"]
[SourceDate "2006.11.23"]
[SourceVersion "1"]
[SourceVersionDate "2006.11.23"]
[SourceQuality "1"]

1. e4 d5 2. exd5 Qxd5 3. Nc3 Qd6 4. Be2 Nf6 5. d4 a6 6. a3 Bf5 7. g4 Bg6 8. f4 e6 9. Bf3 Qb6 10. Nge2 Nc6 11. b4 0-0-0 12. Be3 Ne7 13. Na4 Qd6 14. Nc5 Ned5 15. Bd2 h5 16. g5 Ng4 17. Qc1 c6 18. c4 Nb6 19. h3 Be7 20. Qc3 e5 21. fxe5 Nxe5 22. dxe5 Qc7 23. Be4 Bxc5 24. Bxg6 Na4 25. Bf5+ Kb8 26. Qc2 Rxd2 27. Qxd2 Qxe5 28. Qf4 Bd6 29. Qxe5 Bxe5 30. Rb1 Re8 31. Kf2 1-0